French social theory (Record no. 74012)
[ view plain ]
| 000 -LEADER | |
|---|---|
| fixed length control field | 01281nam a2200337Ia 4500 |
| 082 04 - DEWEY DECIMAL CLASSIFICATION NUMBER | |
| Classification number | 301.0944 |
| 100 1# - MAIN ENTRY--AUTHOR NAME | |
| Personal name | Gane, Mike. |
| 245 10 - TITLE STATEMENT | |
| Title | French social theory |
| 260 ## - PUBLICATION, DISTRIBUTION, ETC. (IMPRINT) | |
| Place of publication | London ; |
| -- | Thousand Oaks, Calif. : |
| Name of publisher | SAGE, |
| Year of publication | 2003. |
| 300 ## - PHYSICAL DESCRIPTION | |
| Number of Pages | xi, 207 p. |
| 490 1# - SERIES STATEMENT | |
| Series statement | Theory, culture & society |
| 650 #0 - SUBJECT ADDED ENTRY--TOPICAL TERM | |
| Topical Term | Sociology |
| Topical Term | Sociology |
| 856 40 - ELECTRONIC LOCATION AND ACCESS | |
| Uniform Resource Identifier | http://site.ebrary.com/lib/rucke/Doc?id=10076775 |
No items available.
